00766cam a2200193 a 45000010009000000050017000090080041000260200038000670200038001050400013001430820022001561000019001782450103001972600035003003000034003355200160003696500021005296500022005501683103420170825104822.0110616s2011 paua b 000 0 eng  a9781609611545 (hbk. : alk. paper) a9781609614799 (pbk. : alk. paper) cPK-LaUMT00a613.26223bDAV-W1 aDavis, William10aWheat belly :blose the wheat, lose the weight, and find your path back to health /cWilliam Davis aEmmaus, Penn. :bRodale,c2011 axii, 292 p. :bill. ;c24 cm. aA renowned cardiologist explains how eliminating wheat from our diets can prevent fat storage, shrink unsightly bulges, and reverse myriad health problems. 0aWheat-free diet. 0aGluten-free diet.